<?xml version="1.0" encoding="UTF-8"?>
<record
    xmlns:xsi="http://www.w3.org/2001/XMLSchema-instance"
    xsi:schemaLocation="http://www.loc.gov/MARC21/slim http://www.loc.gov/standards/marcxml/schema/MARC21slim.xsd"
    xmlns="http://www.loc.gov/MARC21/slim">

  <leader>02191cam a22004094a 4500</leader>
  <controlfield tag="001">12664822</controlfield>
  <controlfield tag="003">000419</controlfield>
  <controlfield tag="005">20220326193312.0</controlfield>
  <controlfield tag="008">020201s2002    ncuab    b    001 0 eng  </controlfield>
  <datafield tag="010" ind1=" " ind2=" ">
    <subfield code="a">  2002001552</subfield>
  </datafield>
  <datafield tag="020" ind1=" " ind2=" ">
    <subfield code="a">0807827320 (cloth : alk. paper)</subfield>
  </datafield>
  <datafield tag="020" ind1=" " ind2=" ">
    <subfield code="a">0807854069 (pbk. : alk. paper)</subfield>
  </datafield>
  <datafield tag="040" ind1=" " ind2=" ">
    <subfield code="a">DLC</subfield>
    <subfield code="c">DLC</subfield>
    <subfield code="d">DLC</subfield>
  </datafield>
  <datafield tag="042" ind1=" " ind2=" ">
    <subfield code="a">pcc</subfield>
  </datafield>
  <datafield tag="043" ind1=" " ind2=" ">
    <subfield code="a">nccr---</subfield>
  </datafield>
  <datafield tag="050" ind1="0" ind2="0">
    <subfield code="a">HD1531.C8</subfield>
    <subfield code="b">P88 2002</subfield>
  </datafield>
  <datafield tag="082" ind1="0" ind2="0">
    <subfield code="a">306.360.972.861</subfield>
    <subfield code="2">21</subfield>
    <subfield code="b">P993c</subfield>
  </datafield>
  <datafield tag="100" ind1="1" ind2=" ">
    <subfield code="a">Putnam, Lara.</subfield>
    <subfield code="9">2122</subfield>
  </datafield>
  <datafield tag="245" ind1="1" ind2="4">
    <subfield code="a">The company they kept :</subfield>
    <subfield code="b">migrants and the politics of gender in Caribbean Costa Rica, 1870-1960 /</subfield>
    <subfield code="c">Lara Putnam.</subfield>
  </datafield>
  <datafield tag="260" ind1=" " ind2=" ">
    <subfield code="a">Chapel Hill :</subfield>
    <subfield code="b">University of North Carolina Press,</subfield>
    <subfield code="c">c2002.</subfield>
  </datafield>
  <datafield tag="300" ind1=" " ind2=" ">
    <subfield code="a">xii, 303 p. :</subfield>
    <subfield code="b">ill., maps ;</subfield>
    <subfield code="c">25 cm.</subfield>
  </datafield>
  <datafield tag="504" ind1=" " ind2=" ">
    <subfield code="a">Includes bibliographical references (p. 275-295) and index.</subfield>
  </datafield>
  <datafield tag="505" ind1="0" ind2=" ">
    <subfield code="a">The evolution of family practice in Jamaica and Costa Rica -- Sojourners and settlers : economic cycles and traveling lives, 1850s-1940s -- Las princesas del dollar : prostitutes and the banana booms, 1890s-1920s -- Compa&#xF1;eros : communities and kinship, 1920s-1950s -- Facety women : rudeness and respectability, 1890s-1930s -- Men of respect : authority and violence, 1890s-1950s.</subfield>
  </datafield>
  <datafield tag="610" ind1="2" ind2="0">
    <subfield code="a">United Fruit Company</subfield>
    <subfield code="x">Employees</subfield>
    <subfield code="z">Costa Rica</subfield>
    <subfield code="z">Puerto Lim&#xF3;n</subfield>
    <subfield code="x">Social conditions.</subfield>
    <subfield code="9">2123</subfield>
  </datafield>
  <datafield tag="648" ind1=" " ind2=" ">
    <subfield code="y">1870 - 1960</subfield>
    <subfield code="9">2124</subfield>
  </datafield>
  <datafield tag="650" ind1=" " ind2="0">
    <subfield code="a">Migrant agricultural laborers</subfield>
    <subfield code="z">Costa Rica</subfield>
    <subfield code="z">Puerto Lim&#xF3;n</subfield>
    <subfield code="x">Social conditions.</subfield>
    <subfield code="9">2125</subfield>
  </datafield>
  <datafield tag="650" ind1=" " ind2="0">
    <subfield code="a">Women</subfield>
    <subfield code="z">Costa Rica</subfield>
    <subfield code="z">Puerto Lim&#xF3;n</subfield>
    <subfield code="x">Social conditions.</subfield>
    <subfield code="9">2126</subfield>
  </datafield>
  <datafield tag="650" ind1=" " ind2="0">
    <subfield code="a">Blacks</subfield>
    <subfield code="z">Costa Rica</subfield>
    <subfield code="z">Puerto Lim&#xF3;n</subfield>
    <subfield code="x">Social conditions.</subfield>
    <subfield code="9">2127</subfield>
  </datafield>
  <datafield tag="650" ind1=" " ind2="0">
    <subfield code="a">Sex role</subfield>
    <subfield code="z">Costa Rica</subfield>
    <subfield code="z">Puerto Lim&#xF3;n</subfield>
    <subfield code="x">History.</subfield>
    <subfield code="9">2128</subfield>
  </datafield>
  <datafield tag="650" ind1=" " ind2="0">
    <subfield code="a">Power (Social sciences)</subfield>
    <subfield code="z">Costa Rica</subfield>
    <subfield code="z">Puerto Lim&#xF3;n</subfield>
    <subfield code="x">History.</subfield>
    <subfield code="9">2129</subfield>
  </datafield>
  <datafield tag="651" ind1=" " ind2="0">
    <subfield code="a">Puerto Lim&#xF3;n (Costa Rica)</subfield>
    <subfield code="x">Social conditions.</subfield>
    <subfield code="9">2130</subfield>
  </datafield>
  <datafield tag="651" ind1=" " ind2="0">
    <subfield code="a">Puerto Lim&#xF3;n (Costa Rica)</subfield>
    <subfield code="x">Economic conditions.</subfield>
    <subfield code="9">2131</subfield>
  </datafield>
  <datafield tag="700" ind1=" " ind2=" ">
    <subfield code="a">Putnam, Lara.</subfield>
    <subfield code="9">2132</subfield>
  </datafield>
  <datafield tag="856" ind1="4" ind2="2">
    <subfield code="3">Publisher description</subfield>
    <subfield code="u">http://www.loc.gov/catdir/description/unc041/2002001552.html</subfield>
  </datafield>
  <datafield tag="906" ind1=" " ind2=" ">
    <subfield code="a">7</subfield>
    <subfield code="b">cbc</subfield>
    <subfield code="c">orignew</subfield>
    <subfield code="d">1</subfield>
    <subfield code="e">ecip</subfield>
    <subfield code="f">20</subfield>
    <subfield code="g">y-gencatlg</subfield>
  </datafield>
  <datafield tag="999" ind1=" " ind2=" ">
    <subfield code="c">440</subfield>
    <subfield code="d">440</subfield>
  </datafield>
  <datafield tag="952" ind1=" " ind2=" ">
    <subfield code="0">0</subfield>
    <subfield code="1">0</subfield>
    <subfield code="2">ddc</subfield>
    <subfield code="4">0</subfield>
    <subfield code="7">0</subfield>
    <subfield code="a">LV</subfield>
    <subfield code="b">LV</subfield>
    <subfield code="c">Pensamiento</subfield>
    <subfield code="d">2015-03-04</subfield>
    <subfield code="l">0</subfield>
    <subfield code="o">306.360.972.861 P993c</subfield>
    <subfield code="p">000419</subfield>
    <subfield code="r">2015-03-04 00:00:00</subfield>
    <subfield code="w">2015-03-04</subfield>
    <subfield code="y">01</subfield>
  </datafield>
</record>
